00410nam a22001577a 450000500170000000800410001702000270005804000090008504100120009408200150010610000190012124500470014026000310018730000080021865000260022620260424153353.0260424b |||||||| |||| 00| 0 eng d a9783111700250c2099.00 aMAIN aEnglish a515.8bMAR aMarkin, Marat  aReal Analysis b: Measure and Integration  aBerlin bDe Gruyter c2025 a339 aMathematics (PM USHA)